<?xml version="1.0" encoding="UTF-8"?>
<record
    xmlns:xsi="http://www.w3.org/2001/XMLSchema-instance"
    xsi:schemaLocation="http://www.loc.gov/MARC21/slim http://www.loc.gov/standards/marcxml/schema/MARC21slim.xsd"
    xmlns="http://www.loc.gov/MARC21/slim">

  <leader>02255cam a2200229   4500500</leader>
  <controlfield tag="005">20260329021707.0</controlfield>
  <datafield tag="041" ind1=" " ind2=" ">
    <subfield code="a">fre</subfield>
  </datafield>
  <datafield tag="042" ind1=" " ind2=" ">
    <subfield code="a">dc</subfield>
  </datafield>
  <datafield tag="100" ind1="1" ind2="0">
    <subfield code="a">Houdart-Merot, Violaine</subfield>
    <subfield code="e">author</subfield>
  </datafield>
  <datafield tag="700" ind1="1" ind2="0">
    <subfield code="a">Petitjean, Anne-Marie</subfield>
    <subfield code="e">author</subfield>
  </datafield>
  <datafield tag="245" ind1="0" ind2="0">
    <subfield code="a">La suppression du sujet d&#x2019;invention &#xE0; l&#x2019;&#xE9;preuve anticip&#xE9;e du baccalaur&#xE9;at</subfield>
  </datafield>
  <datafield tag="260" ind1=" " ind2=" ">
    <subfield code="c">2018.
							</subfield>
  </datafield>
  <datafield tag="500" ind1=" " ind2=" ">
    <subfield code="a">9</subfield>
  </datafield>
  <datafield tag="520" ind1=" " ind2=" ">
    <subfield code="a">Pour mesurer l&#x2019;incidence d&#x2019;une suppression du sujet d&#x2019;invention au baccalaur&#xE9;at, il est particuli&#xE8;rement instructif de prendre le temps d&#x2019;une contextualisation historique sur le temps long des programmes. L&#x2019;abandon de la rh&#xE9;torique, au nom d&#x2019;un id&#xE9;al de r&#xE9;flexion personnelle, a entrain&#xE9; un effet paradoxal. Au fil des r&#xE9;formes du lyc&#xE9;e et des d&#xE9;bats sur l&#x2019;enseignement litt&#xE9;raire, une inflation des pratiques de commentaire se constate et, davantage encore, une pr&#xE9;valence de la lecture reproduisant des discours d&#x2019;autorit&#xE9;. L&#x2019;examen des programmes actuels confirme cette inflexion et permet de distinguer deux cultures de l&#x2019;&#xE9;criture selon les niveaux consid&#xE9;r&#xE9;s. Le souci d&#x2019;une didactique de l&#x2019;&#xE9;criture favorisant le processus sur le produit et la sollicitation d&#x2019;une posture d&#x2019;auteur se perd &#xE0; partir du cycle 4. L&#x2019;enjeu, tr&#xE8;s t&#xF4;t audible, de pr&#xE9;paration des &#xE9;preuves du baccalaur&#xE9;at trouve seulement dans le sujet d&#x2019;invention la possibilit&#xE9; de ne pas cantonner le cours de fran&#xE7;ais &#xE0; une information sur des objets d&#x2019;&#xE9;tudes distincts de toute pratique personnelle. La menace qui p&#xE8;se aujourd&#x2019;hui sur le sujet d&#x2019;invention &#xE0; l&#x2019;&#xC9;preuve anticip&#xE9;e de fran&#xE7;ais (EAF) met &#xE0; mal &#xAB;&#xA0;l&#x2019;appropriation personnelle des savoirs et la cr&#xE9;ativit&#xE9;&#xA0;&#xBB; encore vis&#xE9;es par les programmes, et s&#x2019;appr&#xE9;hende comme &#xE0; contrecourant de l&#x2019;&#xE9;mergence r&#xE9;cente de l&#x2019;&#xE9;criture cr&#xE9;ative dans les cursus universitaires fran&#xE7;ais.</subfield>
  </datafield>
  <datafield tag="690" ind1=" " ind2=" ">
    <subfield code="a">baccalaur&#xE9;at</subfield>
  </datafield>
  <datafield tag="690" ind1=" " ind2=" ">
    <subfield code="a">&#xE9;criture cr&#xE9;ative</subfield>
  </datafield>
  <datafield tag="690" ind1=" " ind2=" ">
    <subfield code="a">&#xE9;criture d&#x2019;invention</subfield>
  </datafield>
  <datafield tag="690" ind1=" " ind2=" ">
    <subfield code="a">histoire des programmes</subfield>
  </datafield>
  <datafield tag="690" ind1=" " ind2=" ">
    <subfield code="a">r&#xE9;forme scolaire</subfield>
  </datafield>
  <datafield tag="786" ind1="0" ind2=" ">
    <subfield code="n">Le fran&#xE7;ais aujourd'hui | 202 | 3 | 2018-08-29 | p. 105-116 | 0184-7732</subfield>
  </datafield>
  <datafield tag="856" ind1="4" ind2="1">
    <subfield code="u">https://shs.cairn.info/revue-le-francais-aujourd-hui-2018-3-page-105?lang=fr&amp;redirect-ssocas=7080</subfield>
  </datafield>
  <datafield tag="999" ind1=" " ind2=" ">
    <subfield code="c">1914452</subfield>
    <subfield code="d">1914452</subfield>
  </datafield>
</record>
